La iglesia en los albores del tercer milenio : reflexiones teológico-pastorales / Card. José Saraiva Martins

Kaydedildi:
Detaylı Bibliyografya
Yazar: Saraiva Martins, José (autor)
Materyal Türü: Kitap
Seri Bilgileri:Estudios y ensayos. BAC Pastoral ; no. 43
Konular:
Etiketler: Etiketle
Etiket eklenmemiş, İlk siz ekleyin!

MARC

LEADER 00000nam^a2200000^u^4500
001 000547499
005 20250521000000.0
008 060220s1000^^^^^^^^^^^^r^^^^^000^0^spa^d
009 20260310131431.811
022 |a 8479146508 
035 |a FMI 000017209 
037 |a Acervo Xavier Clavigero 
096 |a 2.1.2/43/A 
100 |a Saraiva Martins, José  |e (autor) 
245 1 3 |a La iglesia en los albores del tercer milenio : reflexiones teológico-pastorales / Card. José Saraiva Martins 
264 |a Madrid : Biblioteca de Autores Cristianos 
300 |a xxiii, 273 p. 
336 |a texto  |b txt  |2 rdacontenido 
337 |a sin mediación  |b n  |2 rdamedio 
338 |a volumen  |b nc  |2 rdasoporte 
440 0 |a Estudios y ensayos. BAC Pastoral ; no. 43 
649 |a XX 
650 |a Pastoral \ 2.Teología -- Enseñanza 
910 |a Fondo Francisco Migoya Covarrubias S.J. 
920 |a Impresos - Libros 
930 |a Fondos Especiales 
905 |a 134 
901 |a SBC25807  |b IT2  |c ESP  |u 20250521 
902 |a https://opac.biblio.iteso.mx/vufind/Record/000547499